<?xml version="1.0" encoding="UTF-8"?>
<collection xmlns="http://www.loc.gov/MARC21/slim">
 <record>
  <leader>05721nam a2200445 a 4500</leader>
  <controlfield tag="001">kal5227</controlfield>
  <controlfield tag="003">Gr-AtHEAL</controlfield>
  <controlfield tag="005">20160422083059.0</controlfield>
  <controlfield tag="006">m        d        </controlfield>
  <controlfield tag="008">160413s2015    gr      s           gre|c</controlfield>
  <datafield tag="020" ind1=" " ind2=" ">
   <subfield code="a">9789606032721</subfield>
  </datafield>
  <datafield tag="040" ind1=" " ind2=" ">
   <subfield code="a">GR-AtHEAL</subfield>
   <subfield code="b">gre</subfield>
   <subfield code="c">GR-AtHEAL</subfield>
  </datafield>
  <datafield tag="082" ind1="0" ind2="4">
   <subfield code="a">304.82</subfield>
   <subfield code="2">23</subfield>
  </datafield>
  <datafield tag="100" ind1="1" ind2=" ">
   <subfield code="a">Λαλαγιάννη, Βασιλική.</subfield>
   <subfield code="8">1409</subfield>
  </datafield>
  <datafield tag="245" ind1="1" ind2="0">
   <subfield code="a">Μετανάστευση</subfield>
   <subfield code="h">[Ηλεκτρονικός πόρος] </subfield>
   <subfield code="b">Θεωρητικά σχήματα, εννοιολογικοί προσδιορισμοί και ορολογία</subfield>
   <subfield code="c">Λαλαγιάννη, Βασιλική ; Βεϊκου, Μαρία Αγγελική ; Κριτικός αναγνώστης,Τραγάκη, Αλεξάνδρα ; Τεχνική επιμέλεια,Παπαβασιλείου, Σπυρίδων.</subfield>
  </datafield>
  <datafield tag="260" ind1=" " ind2=" ">
   <subfield code="a">Αθήνα :</subfield>
   <subfield code="b">Σύνδεσμος Ελληνικών Ακαδημαϊκών Βιβλιοθηκών,</subfield>
   <subfield code="c">c2015.</subfield>
  </datafield>
  <datafield tag="490" ind1=" " ind2=" ">
   <subfield code="a">Ακαδημαϊκά Ηλεκτρονικά Συγγράμματα και Βοηθήματα Κάλλιπος</subfield>
   <subfield code="8">40</subfield>
  </datafield>
  <datafield tag="505" ind1=" " ind2=" ">
   <subfield code="a">1. Εθνότητα και Φυλή2. Μετανάστευση και Πολιτική3. Ταυτότητα και Ανήκειν4. Μετανάστευση και Λογοτεχνική Γραφή5. Από τη μετανάστευση στο διαπολιτισμό</subfield>
  </datafield>
  <datafield tag="520" ind1=" " ind2=" ">
   <subfield code="a">Το προτεινόμενο εγχειρίδιο αποτελεί ένα εννοιολογικό βοήθημα πάνω στις σύγχρονες επιστημονικές θεωρίες και έννοιες των κοινωνικών, πολιτικών και ανθρωπιστικών επιστημών γύρω από το χώρο της μετανάστευσης. Πρόκειται για μία επισκόπηση η οποία προσφέρει με αναλυτικό τρόπο μια ενδελεχή παρουσίαση των σχετικών εννοιών καλύπτοντας σε εκτεταμένο εύρος πολλές από αυτές που έχουν επικρατήσει και χρησιμοποιούνται στην σύγχρονη εποχή στο δυτικό κόσμο αλλά και πέρα από αυτόν. Μέσα από οκτώ θεματικές ενότητες και περίπου 100 αναφορές, με επιπρόσθετες βιβλιογραφικές παραθέσεις για «περαιτέρω ανάγνωση», το βιβλίο αυτό αποτελεί πολύτιμη πηγή για την κατανόηση αλλά και την έρευνα της μετανάστευσης από μια διεπιστημονική οπτική. Απευθύνεται κυρίως σε φοιτητές και πανεπιστημιακούς που εργάζονται στους τομείς της κοινωνικής &amp; πολιτικής επιστήμης, της κοινωνικής ανθρωπολογίας και άλλων ανθρωπιστικών σπουδών ή συναφών επιστημονικών κλάδων, οι οποίοι μέσα από αυτό θα μπορούν να αντλήσουν στοιχεία, ορισμούς και πληροφορίες της τρέχουσας σκέψης και έρευνας στο πεδίο των σπουδών της μετανάστευσης και της διασποράς (Migration Studies, Diaspora Studies). Επίσης το βιβλίο αυτό θα φανεί χρήσιμο στους ερευνητές που εργάζονται σε οποιαδήποτε πτυχή της μετανάστευσης αλλά και στο ευρύ κοινό που ζητά πληροφορίες και γνώσεις για τη μετανάστευση γενικότερα.</subfield>
  </datafield>
  <datafield tag="650" ind1=" " ind2="0">
   <subfield code="a">Emigration and immigration</subfield>
   <subfield code="8">2161</subfield>
  </datafield>
  <datafield tag="653" ind1=" " ind2=" ">
   <subfield code="a">Εθνοτικές ομάδες</subfield>
  </datafield>
  <datafield tag="653" ind1=" " ind2=" ">
   <subfield code="a">Φυλή</subfield>
  </datafield>
  <datafield tag="653" ind1=" " ind2=" ">
   <subfield code="a">Ταυτότητες</subfield>
  </datafield>
  <datafield tag="653" ind1=" " ind2=" ">
   <subfield code="a">Μεταναστευτική λογοτεχνία</subfield>
  </datafield>
  <datafield tag="653" ind1=" " ind2=" ">
   <subfield code="a">Άσυλο</subfield>
  </datafield>
  <datafield tag="653" ind1=" " ind2=" ">
   <subfield code="a">Μετανάστευση</subfield>
  </datafield>
  <datafield tag="653" ind1=" " ind2=" ">
   <subfield code="a">Κοινωνιολογία</subfield>
   <subfield code="a">Μαζικά φαινόμενα</subfield>
   <subfield code="a">Πολιτιστική αλλαγή</subfield>
  </datafield>
  <datafield tag="653" ind1=" " ind2=" ">
   <subfield code="a">Κοινωνιολογία</subfield>
   <subfield code="a">Πολιτική κοινωνιολογία/Αλληλεπιδράσεις</subfield>
  </datafield>
  <datafield tag="653" ind1=" " ind2=" ">
   <subfield code="a">Τέχνες και γράμματα</subfield>
   <subfield code="a">Φιλολογία</subfield>
   <subfield code="a">Λογοτεχνία</subfield>
  </datafield>
  <datafield tag="653" ind1=" " ind2=" ">
   <subfield code="a">Πολιτικές επιστήμες</subfield>
   <subfield code="a">Τομείς (της) πολιτικής</subfield>
   <subfield code="a">Μεταναστευτική πολιτική</subfield>
  </datafield>
  <datafield tag="653" ind1=" " ind2=" ">
   <subfield code="a">Ανθρωπολογία (Μη φυσική)</subfield>
   <subfield code="a">Εθνογραφία και εθνολογία</subfield>
   <subfield code="a">Εθνική ταυτότητα</subfield>
  </datafield>
  <datafield tag="653" ind1=" " ind2=" ">
   <subfield code="a">Ανθρωπολογία (Μη φυσική)</subfield>
   <subfield code="a">Κοινωνική και πολιτισμική ανθρωπολογία</subfield>
   <subfield code="a">Κοινωνικοπολιτισμικές ομάδες</subfield>
  </datafield>
  <datafield tag="653" ind1=" " ind2=" ">
   <subfield code="a">Ανθρωπολογία (Μη φυσική)</subfield>
   <subfield code="a">Κοινωνική και πολιτισμική ανθρωπολογία</subfield>
   <subfield code="a">Ανθρωπολογία της μετανάστευσης</subfield>
  </datafield>
  <datafield tag="700" ind1="1" ind2=" ">
   <subfield code="a">Βεϊκου, Μαρία Αγγελική</subfield>
   <subfield code="e">Συγγραφέας</subfield>
   <subfield code="8">1410</subfield>
  </datafield>
  <datafield tag="700" ind1="1" ind2=" ">
   <subfield code="a">Τραγάκη, Αλεξάνδρα</subfield>
   <subfield code="e">Κριτικός αναγνώστης</subfield>
   <subfield code="8">1411</subfield>
  </datafield>
  <datafield tag="856" ind1="4" ind2="0">
   <subfield code="u">http://hdl.handle.net/11419/5227</subfield>
   <subfield code="z">Πλήρες Κείμενο - Full text</subfield>
  </datafield>
  <datafield tag="907" ind1=" " ind2=" ">
   <subfield code="a">.b25681400</subfield>
   <subfield code="b">12-06-18</subfield>
   <subfield code="c">29-07-16</subfield>
  </datafield>
  <datafield tag="949" ind1=" " ind2=" ">
   <subfield code="0">0</subfield>
   <subfield code="1">0</subfield>
   <subfield code="2">ddc</subfield>
   <subfield code="4">0</subfield>
   <subfield code="6">304_820000000000000_ΛΑΛ</subfield>
   <subfield code="7">0</subfield>
   <subfield code="8">KALL</subfield>
   <subfield code="8">899</subfield>
   <subfield code="d">2016-04-13</subfield>
   <subfield code="r">2016-04-13</subfield>
   <subfield code="w">2016-04-13</subfield>
   <subfield code="z">304.82 ΛΑΛ</subfield>
   <subfield code="o">SEAB KALLIPOS</subfield>
  </datafield>
  <datafield tag="998" ind1=" " ind2=" ">
   <subfield code="a">80</subfield>
   <subfield code="a">01</subfield>
   <subfield code="a">02</subfield>
   <subfield code="a">03</subfield>
   <subfield code="a">04</subfield>
   <subfield code="a">05</subfield>
   <subfield code="a">06</subfield>
   <subfield code="a">07</subfield>
   <subfield code="a">08</subfield>
   <subfield code="a">09</subfield>
   <subfield code="a">10</subfield>
   <subfield code="a">11</subfield>
   <subfield code="a">12</subfield>
   <subfield code="a">13</subfield>
   <subfield code="a">14</subfield>
   <subfield code="a">15</subfield>
   <subfield code="a">16</subfield>
   <subfield code="a">17</subfield>
   <subfield code="a">18</subfield>
   <subfield code="a">19</subfield>
   <subfield code="a">20</subfield>
   <subfield code="a">21</subfield>
   <subfield code="a">22</subfield>
   <subfield code="a">23</subfield>
   <subfield code="a">24</subfield>
   <subfield code="a">25</subfield>
   <subfield code="a">26</subfield>
   <subfield code="b">28-05-17</subfield>
   <subfield code="c">m</subfield>
   <subfield code="d">z  </subfield>
   <subfield code="e">-</subfield>
   <subfield code="f">gre</subfield>
   <subfield code="g">gr </subfield>
   <subfield code="h">0</subfield>
  </datafield>
  <datafield tag="942" ind1=" " ind2=" ">
   <subfield code="2">ddc</subfield>
   <subfield code="c">KALLIPOS</subfield>
  </datafield>
 </record>
</collection>
